Efficiency of agricultural improvement program on small scale chicken raissing in svay rieng province,(ប្រសិទ្ធភាពនៃកម្មវិធីកែលំអរប្រព័ន្ធកសិកម្មទៅលើការចិញ្ចឹមមាន់ជាលក្ខណះគ្រួសារ នៅខេត្តស្វាយរៀង) (Record no. 781)
[ view plain ]
| 000 -LEADER | |
|---|---|
| fixed length control field | 00735nam a22001577a 4500 |
| 003 - CONTROL NUMBER IDENTIFIER | |
| control field | OSt |
| 005 - DATE AND TIME OF LATEST TRANSACTION | |
| control field | 20151008114354.0 |
| 008 - FIXED-LENGTH DATA ELEMENTS--GENERAL INFORMATION | |
| fixed length control field | 150918b xxu||||| |||| 00| 0 eng d |
| 040 ## - CATALOGING SOURCE | |
| Transcribing agency | RUA |
| 082 ## - DEWEY DECIMAL CLASSIFICATION NUMBER | |
| Classification number | AVM CHI 2007 B079 Or.1 |
| 100 ## - MAIN ENTRY--PERSONAL NAME | |
| 9 (RLIN) | 809 |
| Personal name | CHIM SOPHEAK |
| 245 ## - TITLE STATEMENT | |
| Title | Efficiency of agricultural improvement program on small scale chicken raissing in svay rieng province,(ប្រសិទ្ធភាពនៃកម្មវិធីកែលំអរប្រព័ន្ធកសិកម្មទៅលើការចិញ្ចឹមមាន់ជាលក្ខណះគ្រួសារ នៅខេត្តស្វាយរៀង) |
| 260 ## - PUBLICATION, DISTRIBUTION, ETC. (IMPRINT) | |
| Place of publication, distribution, etc. | phnom penh |
| Name of publisher, distributor, etc. | RUA |
| Date of publication, distribution, etc. | 2005 |
| 300 ## - PHYSICAL DESCRIPTION | |
| Extent | xi,54p. |
| Dimensions | ill. |
| Size of unit | 29cm. |
| 942 ## - ADDED ENTRY ELEMENTS (KOHA) | |
| Source of classification or shelving scheme | |
| Koha item type | AGR |
| Price effective from | Date last seen | Permanent Location | Not for loan | Date acquired | Source of classification or shelving scheme | Koha item type | Lost status | Withdrawn status | Total Renewals | Date last checked out | Total Checkouts | Shelving location | Damaged status | Barcode | Checked out | Current Location | Full call number |
|---|---|---|---|---|---|---|---|---|---|---|---|---|---|---|---|---|---|
| 2015-09-18 | 2018-03-14 | Library Block B | 2015-09-18 | AVM | 2018-03-14 | 1 | B079 | RUA002702 | Library Block B | AVM CHI 2007 B079 Or.1 | |||||||
| 2015-10-08 | 2016-07-27 | Library Block B | 2015-10-08 | AGR | 1 | 2016-07-19 | 2 | B079 | RUA025227 | Library Block B | AVM CHI 2007 B079 Or.2 | ||||||
| 2015-10-08 | 2023-07-05 | Library Block B | 2015-10-08 | AVM | 2023-06-26 | 5 | B079 | rua025153 | Library Block B | AVM CHI 2007 B079 Or.3 | |||||||
| 2015-10-08 | 2016-05-30 | Library Block B | 2015-10-08 | AGR | 2016-05-30 | 1 | B079 | RUA016944 | 2016-07-06 | Library Block B | AVM CHI 2007 B079 Or.4 | ||||||
| 2015-10-08 | 2020-09-23 | Library Block B | 2015-10-08 | AGR | 1 | 2020-06-08 | 4 | B079 | RUA025312 | Library Block B | AVM CHI 2007 B079 Or.5 | ||||||
| 2016-02-03 | 2016-03-17 | Library Block B | 2016-02-03 | AGR | 2016-02-17 | 1 | B079 | RUA047756 | Library Block B | AVM CHI 2007 B079 Or.6 |